| 000 | 00471nam a2200145 4500 | ||
|---|---|---|---|
| 008 | 170925b xxu||||| |||| 00| 0 eng d | ||
| 020 | _a0-13-752544-3 | ||
| 082 |
_21999 _aDC 513.1 _bG25 |
||
| 100 |
_922692 _aMartin-Gay, K. Elayn |
||
| 245 |
_aBasic college mathematics / _cK. Elayn Martin-Gay. |
||
| 260 |
_aUpper Saddle River, N.J. : _bPrentice Hall, _c©1999. |
||
| 300 |
_a294 pages; _c25 cm. |
||
| 650 | 0 |
_922693 _aMathematics _vManual, handbooks, etc |
|
| 942 |
_2ddc _cDC |
||
| 999 |
_c7481 _d7481 |
||